[Event "Barcelona Tres Peons op-B 15th"]
[Site "Barcelona"]
[Date "2013.02.15"]
[Round "6"]
[White "Nin Serres, Pere"]
[Black "Aparicio Escudero, Hector F"]
[Result "1-0"]
[WhiteElo "1710"]
[BlackElo "1715"]
[PlyCount "83"]
[EventDate "2013.01.11"]
[EventType "swiss"]
[EventRounds "9"]
[EventCountry "ESP"]
[SourceTitle "EXT 2014"]
[Source "ChessBase"]
[SourceDate "2013.11.20"]
[SourceVersion "1"]
[SourceVersionDate "2013.11.20"]
[SourceQuality "1"]

1. d4 Nf6 2. Nf3 c5 3. e3 cxd4 4. Nxd4 Nc6 5. Nc3 g6 6. Nxc6 bxc6 7. Bd2 Bg7 8. Bc4 d5 9. Be2 0-0 10. 0-0 e5 11. Na4 Rb8 12. Rb1 Bf5 13. g4 Be6 14. Nc5 Bc8 15. Bc3 Qe7 16. Nd3 Ne4 17. Be1 Be6 18. f3 Ng5 19. a3 c5 20. b4 c4 21. Nc5 h6 22. h4 Nh7 23. Bg3 Rbd8 24. f4 exf4 25. exf4 Nf6 26. f5 gxf5 27. gxf5 Bc8 28. Bg4 Ne4 29. Re1 Qf6 30. Nxe4 dxe4 31. Qe2 Bxf5 32. Rf1 Bxg4 33. Qxg4 Qg6 34. Qf4 Bd4+ 35. Kh2 e3 36. Rg1 Qxc2+ 37. Bf2+ Kh7 38. Rg2 Qxb1 39. Bxe3 Bxe3 40. Qf6 Bd4 41. Rg7+ Kh8 42. Qxh6+ 1-0

[Event "Mollet del Valles op U2300 3rd"]
[Site "Mollet del Valles"]
[Date "2012.12.03"]
[Round "2"]
[White "Garcia Mosquera, David"]
[Black "Nin Serres, Pere"]
[Result "1-0"]
[WhiteElo "2024"]
[BlackElo "1723"]
[PlyCount "57"]
[EventDate "2012.12.02"]
[EventType "swiss"]
[EventRounds "8"]
[EventCountry "ESP"]
[SourceTitle "EXT 2014"]
[Source "ChessBase"]
[SourceDate "2013.11.20"]
[SourceVersion "1"]
[SourceVersionDate "2013.11.20"]
[SourceQuality "1"]

1. e4 c5 2. f4 d6 3. Nf3 Nc6 4. c3 Nf6 5. d3 g6 6. Be2 Bg7 7. 0-0 Qb6 8. Nbd2 c4+ 9. d4 d5 10. exd5 Nxd5 11. Nxc4 Qc7 12. Nce5 0-0 13. Bd3 f6 14. Nxc6 Qxc6 15. Re1 Re8 16. Qb3 a6 17. Bc4 e6 18. f5 Kh8 19. fxg6 hxg6 20. Bd3 f5 21. Bg5 Bd7 22. Ne5 Bxe5 23. Rxe5 Kg7 24. Rae1 b5 25. c4 bxc4 26. Bxc4 Rab8 27. Bxd5 exd5 28. Re7+ Kg8 29. Qh3 1-0

[Event "Alcudia Belleuve"]
[Site "Alcudia"]
[Date "2012.10.16"]
[Round "3.26"]
[White "Nin Serres, Pere"]
[Black "Perez Gandesa, Jose Antonio"]
[Result "0-1"]
[WhiteElo "1732"]
[BlackElo "1881"]
[PlyCount "67"]
[EventDate "2012.10.14"]
[EventType "swiss"]
[EventRounds "9"]
[EventCountry "ESP"]
[SourceTitle "EXT 2024"]
[Source "ChessBase"]
[SourceDate "2023.10.10"]
[SourceVersion "1"]
[SourceVersionDate "2023.10.10"]
[SourceQuality "1"]

1. d4 Nf6 2. c4 c5 3. e3 e6 4. Nf3 Nc6 5. Nc3 cxd4 6. Nxd4 Nxd4 7. Qxd4 a6 8. Be2 Qc7 9. 0-0 Bc5 10. Qh4 Be7 11. Qd4 b6 12. Bf3 Bb7 13. Bxb7 Qxb7 14. b3 0-0 15. e4 Bc5 16. Qd3 Qc7 17. h3 Nh5 18. Be3 Bxe3 19. Qxe3 f5 20. exf5 Rxf5 21. Rad1 Raf8 22. Ne2 Re5 23. Qd3 Qc5 24. Ng3 Nf4 25. Qd4 Qc6 26. f3 Rg5 27. Kf2 Rxg3 28. Qxf4 Rxg2+ 29. Kxg2 Rxf4 30. Rd3 b5 31. Rfd1 bxc4 32. bxc4 Qxc4 33. R1d2 d5 34. Rb3 0-1